000 00665nam a2200241Ia 4500
003 OSt
005 20221005075652.0
006 a|||||r|||| 00| 0
007 ta
008 221004b |||||||| |||| 00| 0 eng d
020 _a8121406536
024 _a48200
037 _cTextual
040 _aCRL
_cCRL
_beng
041 _2eng
_aeng
082 _aT.281,e4,DU,13N17, N7-;2
245 0 _aSarup Singh
_b A living legend edited by S. S. Rana
260 _aNew Delhi
_bNational Publishing House India
_c1997
300 _a236p.
_ccm.
650 _aEDUCATION
942 _hT.281,e4,DU,13N17, N7-;2
_cTEXL
_2cc
999 _c984955
_d984955